ឡាន / (Record no. 1111)

MARC details
000 -LEADER
fixed length control field 01106nam a22002897a 4500
005 - DATE AND TIME OF LATEST TRANSACTION
control field 20230804081250.0
020 ## - INTERNATIONAL STANDARD BOOK NUMBER
International Standard Book Number 9789924341437
040 ## - CATALOGING SOURCE
Original cataloging agency FISKH
Language of cataloging eng
Transcribing agency FISKH
Modifying agency FISKH
082 ## - DEWEY DECIMAL CLASSIFICATION NUMBER
Classification number 629.224
100 ## - MAIN ENTRY--PERSONAL NAME
Personal name Vanthary, Oum
245 ## - TITLE STATEMENT
Title ឡាន /
246 ## - VARYING FORM OF TITLE
Title proper/short title Cars and Trucks
250 ## - EDITION STATEMENT
Edition statement First Sipar printing February, 2022.
260 ## - PUBLICATION, DISTRIBUTION, ETC.
Place of publication, distribution, etc. Phnom Penh :
Name of publisher, distributor, etc. Sipar,
Date of publication, distribution, etc. 2022.
300 ## - PHYSICAL DESCRIPTION
Extent 12 unnumbered pages :
Other physical details color illustrations ;
Dimensions 17 cm.
505 ## - FORMATTED CONTENTS NOTE
Formatted contents note aa
520 ## - SUMMARY, ETC.
Summary, etc. ណែនាំអោយកុមារតូចអំពីឈ្មោះប្រភេទនៃឡានខុសៗគ្នា។
520 ## - SUMMARY, ETC.
Summary, etc. Basic vocabulary is introduced for children about different car names.
521 ## - TARGET AUDIENCE NOTE
Target audience note 10
Source Lexile estimate
521 ## - TARGET AUDIENCE NOTE
Target audience note aa <br/>
Source Raz-Plus
650 ## - SUBJECT ADDED ENTRY--TOPICAL TERM
Topical term or geographic name entry element ឡាន និងឡានដឹកទំនិញ
Form subdivision ពាក្យមូលដ្ឋាន
General subdivision រូបភាព
650 ## - SUBJECT ADDED ENTRY--TOPICAL TERM
Topical term or geographic name entry element Cars and trucks
Form subdivision Basic vocabulary
General subdivision Pictures
700 ## - ADDED ENTRY--PERSONAL NAME
Personal name Visoth, Seng
Titles and other words associated with a name illustrator
942 ## - ADDED ENTRY ELEMENTS (KOHA)
Source of classification or shelving scheme Dewey Decimal Classification
Koha item type Books
Suppress in OPAC No
999 ## -
-- 1111
-- 1111
Holdings
Withdrawn status Lost status Source of classification or shelving scheme Damaged status Not for loan Collection Home library Current library Shelving location Date acquired Total Checkouts Full call number Barcode Date last seen Copy number Price effective from Koha item type Date due Date last checked out
    Dewey Decimal Classification     Khmer-English Bilingual / ភាសាខ្មែរ-អង់គ្លេស Footprints International School Library Network Toul Kork Campus Footprints International School Library Network Toul Kork Campus TK Campus, Room B402, Khmer Book Case 16, Shelves 112-123 / ទូរសៀវភៅខ្មែរលេខ ១៦​ ធ្នើរ ១១២ ដល់ ១២៣ បន្ទប់ B402 សាខាទួលគោក 07/31/2023   VAN 629.224 2023-0160 07/31/2023 1 07/31/2023 Books    
    Dewey Decimal Classification     Khmer-English Bilingual / ភាសាខ្មែរ-អង់គ្លេស Footprints International School Library Network Toul Kork Campus Footprints International School Library Network Toul Kork Campus TK Campus, Room B402, Khmer Book Case 16, Shelves 112-123 / ទូរសៀវភៅខ្មែរលេខ ១៦​ ធ្នើរ ១១២ ដល់ ១២៣ បន្ទប់ B402 សាខាទួលគោក 07/31/2023 2 VAN 629.224 2023-0166 11/13/2025 2 07/31/2023 Books 11/27/2025 11/13/2025